| 000 | 00719nam a2200217 a 4500 | ||
|---|---|---|---|
| 999 |
_c2600 _d2600 |
||
| 001 | 2600 | ||
| 003 | BD-JhCC | ||
| 005 | 20171105100807.0 | ||
| 008 | 171105s13771391ii |||| ||a| 000 0 ben d | ||
| 035 | _a(BD-JhCC)2600 | ||
| 040 |
_aBD-JhCC _dBD-JhCC |
||
| 041 | _aben | ||
| 082 |
_a891.4409 _bGUP 1391 |
||
| 100 | _aগুপ্ত, ক্ষেত্র | ||
| 245 |
_aমধুসূদনের কবি-আত্মা ও কাব্যশিল্প / _cক্ষেত্র গুপ্ত, |
||
| 260 |
_aকলিকাতা : _bএ. কে. সরকার অ্যাণ্ড কোং, _c1391 |
||
| 300 |
_a456 p. : _c22 cm. |
||
| 650 | _aBengali Literature | ||
| 942 |
_2ddc _cBK |
||